000 00695nam a2200217 a 4500
008
020 _a0133571874 (v. 2)
090 0 0 _aD20
245 0 4 _aThe Global experience /
_cedited by Philip F. Riley ... [et al.] ; special contributors, Mary Louise Loe, Wade T. Wheelock.
260 _aEnglewood Cliffs, N.J. :
_bPrentice-Hall,
_cc1987-
300 _av. :
_bill. ;
_c23 cm.
505 1 _gvol. 1.
_tReadings in world history to 1500.
650 0 _aWorld history.
700 1 _aRiley, Philip F.
907 _a.b10076645
_b01-12-06
_c12-06-03
003
005 20230123133254.0
040 _cNUST
049 _aMAIN
942 _cBOOKS
_kD20
999 _c145718
_d145718